000 00455nam a22001457a 4500
003 MACL
005 20190602171130.0
008 190602b xxu||||| |||| 00| 0 eng d
040 _cMACL
100 _aमंटो,सआदत हसन
_967709
245 _aचंद बुलाकातें
260 _aदिल्‍ली
_bहिन्‍दी रिसर्च पब्लि.
_c2017
650 _aकहानी
_975218
942 _2ddc
_cHIN
999 _c60032
_d60032